00338pab a2200121 454500008004000000100002300040245005800063260000900121300001300130650001900143700001500162773003900177180718b2001 xxu||||| |||| 00| 0 eng d aQuaisser, Wolfgang aMaking the European Union fit for eastern enlargement c2001 ap.268-75 aEuropean union aHall, John aInternational Politics and Society